00741nam a2200217 a 450000100060000000300080000600500170001400800410003103500190007204000260009104100080011708200290012510000480015424500980020225000120030026000500031230000300036250000190039265000450041170000670045661340BD-RjUL20211209080941.0170117s1955 enka|||| |||| 001 0 eng d a(BD-RjUL)61464 aBD-RjULbengcBD-RjUL aeng 223a070.509421bMUF 1955 a Mumby, F. A.q Mumby, Frank Arthur aFrom Swan Sonnenschein to George Allen & Unwin Ltd /cF. A. Mumby; Frances H. S. Stallybrass a1st ed. aLondon :bGeorge Allen & Unwin LTD., cc1955. a100 p. :bill. ;c21 cm.  aIncludes index aPublishers and publishingzGreat Britain a Stallybrass, Frances H. S.q Stallybrass, Frances Helena Swan